Statistics for List of Japanese Shoguns

Click here to take the quiz!

General Stats

  • This quiz has been taken 145 times
  • The average score is 12 of 42

Answer Stats

TermAnswer% Correct
1603-1605Tokugawa Ieyasu
97%
1192-1199Minamoto no Yoritomo
65%
1623-1651Tokugawa Iemitsu
57%
1368-1394Ashikaga Yoshimitsu
56%
1866-1877Tokugawa Yoshinobu
56%
1338-1358Ashikaga Takauji
47%
1716-1745Tokugawa Yoshimune
45%
1680-1709Tokugawa Tsunayoshi
44%
1568-1573Ashikaga Yoshiaki
38%
1605-1623Tokugawa Hidetada
38%
1449-1473Ashikaga Yoshimasa
35%
1202-1203Minamoto no Yoriie
35%
1858-1866Tokugawa Iemochi
34%
1651-1680Tokugawa Ietsuna
32%
1709-1712Tokugawa Ienobu
30%
1358-1367Ashikaga Yoshiakira
27%
1429-1441Ashikaga Yoshinori
27%
1787-1837Tokugawa Ienari
27%
1837-1853Tokugawa Ieyoshi
26%
1203-1219Minamoto no Sanetomo
25%
1713-1716Tokugawa Ietsugu
25%
1546-1565Ashikaga Yoshiteru
23%
1853-1858Tokugawa Iesada
23%
1745-1760Tokugawa Ieshige
23%
1760-1786Tokugawa Ieharu
22%
1490-1493Ashikaga Yoshiki
19%
1394-1423Ashikaga Yoshimochi
19%
1508-1521Ashikaga Yoshitane
19%
1521-1546Ashikaga Yoshiharu
18%
1568Ashikaga Yoshihide
16%
1442-1443Ashikaga Yoshikatsu
16%
1473-1489Ashikaga Yoshihisa
13%
1494-1508Ashikaga Yoshizumi
12%
1423-1425Ashikaga Yoshikazu
10%
1226-1244Kujō Yoritsune
8%
1289-1308Prince Hisaaki
6%
1266-1289Prince Koreyasu
6%
1308-1333Prince Morikuni
6%
1333Prince Moriyoshi
6%
1252-1266Prince Munetaka
6%
1244-1252Kujō Yoritsugu
5%
1335-1336Prince Narinaga
4%

Score Distribution

Percentile by Number Answered

Percent of People with Each Score

Your Score History

You have not taken this quiz